000 00748nam a22002057a 4500
005 20100810111521.0
010 _aENG-99330
020 _a9788179928387
_c295.00
035 _aEN-82862
037 _bDBAD/PUB
082 _a270
245 _a365 saying of prophet Muhammad :
_bpeace be upon him /
_ctranslated by Abdur Raheem Kidwai
246 _aThree hundred sixty five
260 _aMumbai
_bJaico Publishing House
_c2008
270 _aA-2, Jash Chambers, Sir Phirozshah Mehta Road Fort
_bMumbai
_e400001
300 _axxiii,390p.
_c18cm (pbk)
700 _aKidwai, Abdur Raheem
_99885
942 _2ddc
_cEN
_h270
_mSAY
999 _c40552
_d40552